000 00573nam a2200229Ia 4500
003 OSt
005 20220924151716.0
006 a|||||r|||| 00| 0
007 ta
008 220923b |||||||| |||| 00| 0 tel d
024 _a338799
037 _cTextual
040 _aARTS
_cARTS
_btel
041 _2tel
_atel
082 _aV2,4M89, 35M9
100 _aRao B.S. Au.
_9224809
245 0 _aYugadrashta Docloi Hedgewar
260 _c1989
650 _aINDIA - HISTORY
942 _hV2,4M89, 35M9
_cTEXL
_2CC
999 _c467495
_d467495